000 00293npm a2200133 4500
003 OSt
005 20260122194521.0
008 260122b |||||||| |||| 00| 0 fre d
040 _cautismepaimpol.fr
245 _aLoto Mon Jardin
260 _bJeux NATHAN
520 _aA compléter
942 _cMATP
999 _c271
_d271